| 000 | 00700cam a22002171 4500 | ||
|---|---|---|---|
| 001 | 0000005055 | ||
| 005 | 20170406120322.0 | ||
| 008 | 850430s1963 mnua 000 0 eng | ||
| 010 | _a 63008920 | ||
| 035 | _9(DLC) 63008920 | ||
| 040 |
_aDLC/ICU _cICU _dDLC |
||
| 050 | 0 | 0 |
_aQK861 _b.R58 |
| 082 | 0 | 0 | _a581.19 |
| 100 | 1 | _aRobinson, Trevor. | |
| 245 | 1 | 4 |
_aThe organic constituents of higher plants : _btheir chemistry and interrelationships. / _cWith contributions by Ernest Sondheimer. |
| 260 |
_aMinneapolis : _bBurgess Pub. Co., _c[1963] |
||
| 300 |
_a306 p. : _billus. ; _c29 cm. |
||
| 440 | 0 | _aBurgess life science series | |
| 650 | 0 | _aBotanical chemistry. | |
| 908 | _a141201 | ||
| 999 |
_c4859 _d4859 |
||